हमीरगढ़ / (Record no. 119894)

MARC details
000 -LEADER
fixed length control field 01111nam a22002657a 4500
005 - DATE AND TIME OF LATEST TRANSACTION
control field 20170124103149.0
010 ## - LIBRARY OF CONGRESS CONTROL NUMBER
LC control number B-158111
020 ## - INTERNATIONAL STANDARD BOOK NUMBER
Terms of availability 150.00
International Standard Book Number 818809050
035 ## - SYSTEM CONTROL NUMBER
System control number B-158111
037 ## - SOURCE OF ACQUISITION
Source of stock number/acquisition Cen Lib/Ret
040 ## - CATALOGING SOURCE
Original cataloging agency DPL
Language of cataloging HN
082 ## - DEWEY DECIMAL CLASSIFICATION NUMBER
Classification number
Item number अणखी
100 ## - MAIN ENTRY--PERSONAL NAME
Personal name अणखी, राम सरूप
9 (RLIN) 4584
245 ## - TITLE STATEMENT
Title हमीरगढ़ /
Statement of responsibility, etc राम सरूप अणखी ; अनुवादक घनश्याम रंजन
246 ## - VARYING FORM OF TITLE
Title proper/short title Hameergarh /
Remainder of title by Ram Saroop Ankhi ; anuvadak Gahnshyam Ranjan
260 ## - PUBLICATION, DISTRIBUTION, ETC. (IMPRINT)
Place of publication, distribution, etc दिल्ली
Name of publisher, distributor, etc स्वास्तिक प्रकाशन
Date of publication, distribution, etc 2005
270 ## - ADDRESS
City दिल्ली
Address 1376, आत्माराम बिल्डिंग
Postal code 110006
300 ## - PHYSICAL DESCRIPTION
Extent 128पृ.
Dimensions 21सेमी(सजिल्द)
650 ## - SUBJECT ADDED ENTRY--TOPICAL TERM
Topical term or geographic name as entry element हिन्दी साहित्य
9 (RLIN) 87482
650 ## - SUBJECT ADDED ENTRY--TOPICAL TERM
Topical term or geographic name as entry element हिन्दी -- उपन्यास
9 (RLIN) 87483
650 ## - SUBJECT ADDED ENTRY--TOPICAL TERM
Topical term or geographic name as entry element Hindi literature
9 (RLIN) 87484
650 ## - SUBJECT ADDED ENTRY--TOPICAL TERM
Topical term or geographic name as entry element Hindi - Novel
9 (RLIN) 87485
700 ## - ADDED ENTRY--PERSONAL NAME
Personal name रंजन, घनश्याम
9 (RLIN) 87486
942 ## - ADDED ENTRY ELEMENTS (KOHA)
Source of classification or shelving scheme Dewey Decimal Classification
Koha item type Hindi Books
Classification part
Call number suffix अणखी
Holdings
Withdrawn status Lost status Damaged status Not for loan Home library Current library Date acquired Source of acquisition Cost, normal purchase price Total Checkouts Full call number Barcode Date last seen Copy number Cost, replacement price Price effective from Koha item type Public note
Written off       Central Library Central Library 19/09/2015 Cen Lib/Ret 150.00   उ अणखी B-158111 19/09/2015 1 150.00 19/09/2015 Hindi Books Written off on approval by DLB (By Circulation); dtd 15-06-2023

© Delhi Public Library
Hit Counter
free hit counter